Library Banner

سندھ، ماضی، حال اور مستقبل (Record no. 66587)

MARC details
000 -LEADER
fixed length control field 00475nam a22001457a 4500
005 - DATE AND TIME OF LATEST TRANSACTION
control field 20150226113312.0
008 - FIXED-LENGTH DATA ELEMENTS--GENERAL INFORMATION
fixed length control field 150226b xxu||||| |||| 00| 0 eng d
040 ## - CATALOGING SOURCE
Transcribing agency PK-LaUMT
082 ## - DEWEY DECIMAL CLASSIFICATION NUMBER
Classification number KHC 954.918
Item number MOO-S
100 ## - MAIN ENTRY--PERSONAL NAME
Personal name موسی، محمد
245 ## - TITLE STATEMENT
Title سندھ، ماضی، حال اور مستقبل
Remainder of title شضصیتوں کے آئینے میں
Statement of responsibility, etc محمد موسی
260 ## - PUBLICATION, DISTRIBUTION, ETC. (IMPRINT)
Place of publication, distribution, etc حیدرآباد
Name of publisher, distributor, etc سندھ نیشنل اکیڈمی
Date of publication, distribution, etc 1989
300 ## - PHYSICAL DESCRIPTION
Extent 288 ص
942 ## - ADDED ENTRY ELEMENTS (KOHA)
Koha item type Books
Holdings
Withdrawn status Lost status Damaged status Home library Current library Date acquired Full call number Barcode Date last seen Price effective from Koha item type
      UMT Main Campus UMT Main Campus 2015-02-26 KHC 954.918 MOO-S 71048 2015-02-26 2015-02-26 Books